Mzdové príplatky za prácu v sobotu, v nedeľu a v noci

Zamestnávateľ je povinný zamestnancovi za vykonanú prácu zaplatiť mzdu, odmenu alebo plat. Súčasťou celkovej mzdy zamestnanca sú aj mzdové zvýhodnenia, nárok na ktoré vzniká len po splnení predpokladov spojených s výkonom práce. Aká je zákonom garantovaná výška príplatku za prácu v sobotu, v nedeľu...

Descrizione completa

Salvato in:
Dettagli Bibliografici
Autore principale: Matlovičová, Iveta
Natura: Capitolo di libro
Lingua:slovacco
Soggetti:
Tags: Aggiungi Tag
Nessun Tag, puoi essere il primo ad aggiungerne!!

MARC

LEADER 00000naa a2200000 4500
001 0312159
005 20250911081816.8
041 0 |a slo 
044 |a SK 
245 1 0 |a Mzdové príplatky za prácu v sobotu, v nedeľu a v noci  |c Iveta Matlovičová 
520 |a Zamestnávateľ je povinný zamestnancovi za vykonanú prácu zaplatiť mzdu, odmenu alebo plat. Súčasťou celkovej mzdy zamestnanca sú aj mzdové zvýhodnenia, nárok na ktoré vzniká len po splnení predpokladov spojených s výkonom práce. Aká je zákonom garantovaná výška príplatku za prácu v sobotu, v nedeľu a v noci, a kedy vzniká zamestnancovi nárok na ich vyplatenie? 
610 2 0 |a príplatky 
610 2 0 |a mzdy 
610 2 0 |a zvýhodnenie mzdové 
610 2 0 |a práca nočná 
610 2 0 |a práca vo sviatok 
610 2 0 |a zamestnanci 
610 2 0 |a povinnosti zamestnávateľov 
610 2 0 |a zákonník práce 
100 1 |a Matlovičová, Iveta